000 00635cam a22002053a 4500
001 39645
003 PGUSA
005 20140828083900.0
008 120507s2012||||xxu|||||s|||||000 | eng d
040 _aPGUSA
_beng
042 _adc
100 1 _aStephens, Ann S.
_q(Ann Sophia),
_d1810-1886
245 1 0 _aHighlife in New York :
_ba series of letters to Mr. Zephariah Slick,
_h[electronic resource] /
_cAnn S. Stephens
260 _bProject Gutenberg,
_c2012
506 _aPublic domain in the USA.
516 _aElectronic text
830 0 _aProject Gutenberg
_v39645
856 4 0 _uhttp://www.gutenberg.org/ebooks/39645
942 _cEB
999 _c268898
_d268898